[Event "Bandar e Anzali Khazar Cup 16th"]
[Site "Bandar e Anzali"]
[Date "2018.03.04"]
[Round "7"]
[White "Volkov, Sergey"]
[Black "Akbari Gelvardi, Mohammad"]
[Result "1-0"]
[WhiteElo "2612"]
[BlackElo "2261"]
[PlyCount "117"]
[EventDate "2018.02.27"]
[EventType "swiss"]
[EventRounds "9"]
[EventCountry "IRI"]
[SourceTitle "CBM 183 Extra"]
[Source "ChessBase"]
[SourceDate "2018.04.19"]
[SourceVersion "1"]
[SourceVersionDate "2018.04.19"]
[SourceQuality "1"]

1. d4 d5 2. c4 c6 3. Nc3 Nf6 4. e3 a6 5. Nf3 Bf5 6. Nh4 Bg4 7. Qb3 b5 8. cxd5 cxd5 9. h3 Bc8 10. a4 b4 11. Qxb4 e5 12. Qb3 e4 13. g3 Nc6 14. Qd1 Be7 15. Ng2 0-0 16. Be2 Rb8 17. h4 Qd6 18. Nf4 Rd8 19. Kf1 Nb4 20. Kg2 Bd7 21. Bd2 Qc7 22. Rc1 Qb6 23. a5 Qxa5 24. Ra1 Qb6 25. Na4 Qa7 26. Bxb4 Bxa4 27. Rxa4 Rxb4 28. Rxb4 Bxb4 29. Qa4 a5 30. Qc6 h6 31. g4 Rd6 32. Qc8+ Kh7 33. g5 Ng8 34. Rc1 Qd7 35. Bg4 Qxc8 36. Rxc8 Ne7 37. Rf8 Rc6 38. Kh3 hxg5 39. hxg5 Rc2 40. Rxf7 Rxf2 41. Bf5+ Nxf5 42. g6+ Kg8 43. Rxf5 Rf3+ 44. Kg4 Rxe3 45. Nxd5 Re1 46. Re5 Kf8 47. Nc7 Be7 48. Ne6+ Ke8 49. Nxg7+ Kd7 50. Nf5 Rg1+ 51. Kf4 Bf6 52. Rxa5 Rxg6 53. Kxe4 Bd8 54. Ra7+ Bc7 55. Ne3 Kc8 56. Nd5 Rg4+ 57. Kf5 Bb8 58. Nb6+ Kd8 59. Rd7+ 1-0

[Event "Bandar e Anzali Khazar Cup 16th"]
[Site "Bandar e Anzali"]
[Date "2018.03.03"]
[Round "6"]
[White "Akbari Gelvardi, Mohammad"]
[Black "Daneshvar, Bardiya"]
[Result "1/2-1/2"]
[WhiteElo "2261"]
[BlackElo "2355"]
[PlyCount "49"]
[EventDate "2018.02.27"]
[EventType "swiss"]
[EventRounds "9"]
[EventCountry "IRI"]
[SourceTitle "CBM 183 Extra"]
[Source "ChessBase"]
[SourceDate "2018.04.19"]
[SourceVersion "1"]
[SourceVersionDate "2018.04.19"]
[SourceQuality "1"]

1. e4 c6 2. d4 d5 3. Nc3 dxe4 4. Nxe4 Bf5 5. Ng3 Bg6 6. Nf3 e6 7. Bd3 Bxd3 8. Qxd3 Nf6 9. 0-0 Nbd7 10. Re1 Be7 11. Bf4 0-0 12. Rad1 Qa5 13. a3 Rfe8 14. c4 b5 15. Ne5 Rac8 16. Qf3 bxc4 17. Nxc6 Qd5 18. Nxa7 Ra8 19. Nc6 Bf8 20. Rc1 Rec8 21. Ne5 Qxd4 22. Nxd7 Qd5 23. Ne5 Qd4 24. Nd7 Qxd7 25. Rcd1 1/2-1/2